Medical-surgical nursing: assessment and management of clinical problems. / (Record no. 7004)
[ view plain ]
| 000 -LEADER | |
|---|---|
| fixed length control field | 01346nam a22002177a 4500 |
| 008 - FIXED-LENGTH DATA ELEMENTS--GENERAL INFORMATION | |
| fixed length control field | 200127b xxu||||| |||| 00| 0 eng d |
| 020 ## - INTERNATIONAL STANDARD BOOK NUMBER | |
| International Standard Book Number | 9780323065801 |
| 050 ## - LIBRARY OF CONGRESS CALL NUMBER | |
| Classification number | RT41.M488(8e) |
| 100 ## - MAIN ENTRY--PERSONAL NAME | |
| Personal name | Lewis, Sharon L. |
| 245 ## - TITLE STATEMENT | |
| Title | Medical-surgical nursing: assessment and management of clinical problems. / |
| Statement of responsibility, etc. | Sharon L. Lewis, Shannon Ruff Dirksen et al. |
| 250 ## - EDITION STATEMENT | |
| Edition statement | 8th ed. |
| 260 ## - PUBLICATION, DISTRIBUTION, ETC. | |
| Place of publication, distribution, etc. | St. Louis : |
| Name of publisher, distributor, etc. | Elsevier Mosby , |
| Date of publication, distribution, etc. | 2011. |
| 300 ## - PHYSICAL DESCRIPTION | |
| Extent | xxxii, 1787 p. : |
| Other physical details | ill, col. ; |
| Dimensions | 28 cm. |
| 500 ## - GENERAL NOTE | |
| General note | Includes index and appendix. |
| 505 ## - FORMATTED CONTENTS NOTE | |
| Formatted contents note | Contents: Section 1: Concepts in nursing practice -- Section 2: Pathophysiologic mechanisms of disease -- Section 3: Perioperative care -- Section 4: Problems related to altered sensory input -- Section 5: Problems of oxygenation: ventilation -- Section 6: Problems of oxygenation: transport -- Section 7: Problems of oxygenation: perfusion -- Section 8: Problems of ingestion, digestion, absorption, and elimination -- Section 9: Problems of urinary function -- Section 10: Problems related to regulatory and reproductive mechanisms -- Section 11: Problems related to movement and coordination -- Section 12: Nursing care in specialized settings. |
| 700 ## - ADDED ENTRY--PERSONAL NAME | |
| Personal name | Dirksen, Shannon Ruff |
| 700 ## - ADDED ENTRY--PERSONAL NAME | |
| Personal name | Heitkemper, Margaret Mclean |
| 700 ## - ADDED ENTRY--PERSONAL NAME | |
| Personal name | Bucher, Linda |
| 700 ## - ADDED ENTRY--PERSONAL NAME | |
| Personal name | Camera, Ian M. |
| 942 ## - ADDED ENTRY ELEMENTS (KOHA) | |
| Source of classification or shelving scheme | Library of Congress Classification |
| Koha item type | Books |
| Withdrawn status | Lost status | Source of classification or shelving scheme | Damaged status | Not for loan | Home library | Current library | Shelving location | Date acquired | Total Checkouts | Full call number | Barcode | Date last seen | Copy number | Price effective from | Koha item type |
|---|---|---|---|---|---|---|---|---|---|---|---|---|---|---|---|
| Library of Congress Classification | WISCONSIN INTERNATIONAL UNIVERSITY COLLEGE, GHANA - MAIN LIBRARY | WISCONSIN INTERNATIONAL UNIVERSITY COLLEGE, GHANA - MAIN LIBRARY | nursing | 27/01/2020 | RT41.M488(8e) | NURS/678/027/20 | 27/01/2020 | 1 | 27/01/2020 | Books | |||||
| Library of Congress Classification | WISCONSIN INTERNATIONAL UNIVERSITY COLLEGE, GHANA - MAIN LIBRARY | WISCONSIN INTERNATIONAL UNIVERSITY COLLEGE, GHANA - MAIN LIBRARY | nursing | 27/01/2020 | RT41.M4881(8e) | NURS/679/028/20 | 27/01/2020 | 2 | 27/01/2020 | Books | |||||
| Library of Congress Classification | WISCONSIN INTERNATIONAL UNIVERSITY COLLEGE, GHANA - MAIN LIBRARY | WISCONSIN INTERNATIONAL UNIVERSITY COLLEGE, GHANA - MAIN LIBRARY | nursing | 27/01/2020 | RT41.M4882(8e) | NURS/680/029/20 | 27/01/2020 | 3 | 27/01/2020 | Books |
